000 00676nam a22002177a 4500
003 OSt
005 20140310181930.0
008 130722t xxu||||| |||| 00| 0 eng d
050 _aMT 220
_b.Sch313 1945
082 _aTR 786.2
_bSch1 1945
100 _aSchaum, John W.
_92695
245 _aPiano course :
_bleading to mastery of the instrument /
_cverses by John W. Schaum; illustrations by Helen Frank.
260 _aMelville, N.Y :
_bBelwin Mills,
_cc1945.
300 _a43 p. ;
_bill. ;
_c23 cm.
521 _aFaculty
541 _j1
562 _e1
650 _aPiano--
_xMethods
_xJuvenile
_92725
700 _aSchaum, John W.
_92695
942 _2lcc
_cBK-TR
_kTR
999 _c7356
_d7356